000 00524nam a2200193Ia 4500
003 GCL
008 140319s9999 xx 000 0 ara d
040 _aGCL /
_cGCL
082 0 4 _a810.8
_bا ض
100 1 _aاحمد تيمور
245 1 0 _aضبط الاعلام /
_cاحمد تيمور
260 _a[S.N] :
_bلجنة نشر المؤلفات التيموريه ،
_c1947
300 _a180 ص
490 _a
650 0 4 _aالتراجم
650 0 4 _aالادباء
650 0 4 _aالاعلام
942 _2ddc
_cBK
999 _c29167
_d29167